Flags of countries that border Hungary - Statistics

General Stats
  • This quiz has been taken 333 times
  • The average score is 6 of 6
Answer Stats
Picture Answer % Correct
Croatia
100%
Austria
99%
Romania
97%
Ukraine
94%
Serbia
93%
Slovakia
93%
No matching quizzes found
Score Distribution
Percent of People with Each Score
Percentile by Number Answered
Your Score History
You have not taken this quiz